| 000 | 00612cam a22002291 4500 | ||
|---|---|---|---|
| 001 | sa 64002860 | ||
| 003 | DLC | ||
| 005 | 20260227112012.0 | ||
| 008 | 890629s1962 ii ac 000 0 beno | ||
| 010 | _asa 64002860 | ||
| 035 | _a(OCoLC)19949465 | ||
| 040 |
_aDLC _cWaU _dDLC |
||
| 042 | _apremarc | ||
| 043 | _aa-ii--- | ||
| 050 | 0 | 0 |
_aDS425 _b.V47 1962 |
| 100 | 1 |
_aVidyabhushan, Amulya Charan, _d1879-1940. |
|
| 245 | 1 | 0 | _aPrācīna Bhāratera saṃskr̥ti o sāhitya. |
| 260 | _c[1962] | ||
| 300 |
_a136 p. _billus., port., diagrs. _c23 cm. |
||
| 500 | _aIn Bengali. | ||
| 651 | 0 |
_aIndia _xCivilization. |
|
| 999 |
_c57555 _d57555 |
||